Men are from Mars, women are from Venus: (Record no. 14633)

000 -LEADER
fixed length control field 00748nam a2200205 a 4500
001 - CONTROL NUMBER
control field :::00012465$&:&@@
003 - CONTROL NUMBER IDENTIFIER
control field OkBaRHE
005 - DATE AND TIME OF LATEST TRANSACTION
control field 20100402121757.0
008 - FIXED-LENGTH DATA ELEMENTS--GENERAL INFORMATION
fixed length control field s1992 j 000 0 eng u
040 ## - CATALOGING SOURCE
Transcribing agency
100 1# - MAIN ENTRY--PERSONAL NAME
Personal name Gray, John, 1951-
245 10 - TITLE STATEMENT
Title Men are from Mars, women are from Venus:
Remainder of title a pratical guide for improving communication and getting what you want in your relationaships.
260 ## - PUBLICATION, DISTRIBUTION, ETC. (IMPRINT)
Place of publication, distribution, etc New York, NY., :
Name of publisher, distributor, etc HarperCollins Publishers, Inc.
Date of publication, distribution, etc 1992
300 ## - PHYSICAL DESCRIPTION
Extent 286 p. ;
Dimensions 21 cm.
650 ## - SUBJECT ADDED ENTRY--TOPICAL TERM
Topical term or geographic name as entry element Communication in marriage.
650 ## - SUBJECT ADDED ENTRY--TOPICAL TERM
Topical term or geographic name as entry element Interpersonal relations.
650 ## - SUBJECT ADDED ENTRY--TOPICAL TERM
Topical term or geographic name as entry element Marriage.
942 ## - ADDED ENTRY ELEMENTS (KOHA)
Source of classification or shelving scheme
Koha item type Books
Copies
Permanent Location Date acquired Damaged status Not for loan Koha item type Barcode Shelving location Copy number Source of classification or shelving scheme Withdrawn status Date last seen Full call number Lost status Price effective from
RHEMA Bible Training College2010-04-14  Books12465General Stacks1  2010-04-14HQ 734 .G727 1992 2010-04-14